साईं-मनोविज्ञान: (Record no. 210187)
[ view plain ]
| 000 -LEADER | |
|---|---|
| fixed length control field | 01152nam a22001937a 4500 |
| 005 - DATE AND TIME OF LATEST TRANSACTION | |
| control field | 20250307164146.0 |
| 010 ## - LCCN (DPL NO) | |
| LC control number | HIN-129482 |
| 020 ## - INTERNATIONAL STANDARD BOOK NUMBER | |
| Terms of availability | 200.00 |
| International Standard Book Number | 9789350693995 |
| 035 ## - SYSTEM CONTROL NUMBER | |
| System control number | HN-101828 |
| 037 ## - SOURCE OF ACQUISITION | |
| Source of stock number/acquisition | DBAD |
| 082 ## - DEWEY DECIMAL CLASSIFICATION NUMBER | |
| Classification number | 230.35 |
| 100 ## - MAIN ENTRY--PERSONAL NAME | |
| Personal name | कामराजु ,अनिल कुमार |
| 245 ## - TITLE STATEMENT | |
| Title | साईं-मनोविज्ञान: |
| Statement of responsibility, etc | अनिल कुमार कामराजु; नीरू मल्होत्रा द्वारा अनुवादित |
| Remainder of title | श्री सत्य साईं द्वारा मानव व्यवहार का अध्यात्मीकरण / |
| 260 ## - PUBLICATION, DISTRIBUTION, ETC. (IMPRINT) | |
| Place of publication, distribution, etc | आन्ध्रप्रदेश |
| Name of publisher, distributor, etc | श्री सत्य साईं साधना ट्रस्ट , पब्लिकेशन्स डिविजन |
| Date of publication, distribution, etc | 2019 |
| 270 ## - ADDRESS | |
| Address | प्रशान्ति निलयम , अनतपुर |
| City | आन्ध्रप्रदेश |
| Postal code | 34 |
| 300 ## - PHYSICAL DESCRIPTION | |
| Extent | 424पृ. |
| Dimensions | 23 सेमी (अजिल्द ) |
| 700 ## - ADDED ENTRY--PERSONAL NAME | |
| Personal name | मल्होत्रा, नीरू |
| 9 (RLIN) | 79436 |
| 942 ## - ADDED ENTRY ELEMENTS (KOHA) | |
| Source of classification or shelving scheme | Dewey Decimal Classification |
| Item type | Hindi Books |
| Classification part | 230.35 |
| Call number suffix | कामरा |
| Withdrawn status | Lost status | Not for loan | Collection code | Home library | Current library | Date acquired | Source of acquisition | Cost, normal purchase price | Full call number | Barcode | Copy number | Cost, replacement price | Koha item type |
|---|---|---|---|---|---|---|---|---|---|---|---|---|---|
| Non-fiction | Ashok Vihar | Ashok Vihar | 07/03/2025 | DBAD | 200.00 | 230.35 कामरा | HN-101828 | 1 | 200.00 | Hindi Books |
